Photonics (Record no. 334143)

MARC details
000 -LEADER
fixed length control field 00496nam a2200181Ia 4500
008 - FIXED-LENGTH DATA ELEMENTS--GENERAL INFORMATION
fixed length control field 230718s9999 xx 000 0 und d
020 ## - INTERNATIONAL STANDARD BOOK NUMBER
International Standard Book Number 9780195687057
041 ## - LANGUAGE CODE
Language code of text/sound track or separate title eng
082 ## - DEWEY DECIMAL CLASSIFICATION NUMBER
Classification number 621.36
Item number YAR
100 ## - MAIN ENTRY--PERSONAL NAME
Personal name Yariv A.
245 ## - TITLE STATEMENT
Title Photonics
Remainder of title Optical Electronics In Modern Communications
250 ## - EDITION STATEMENT
Edition statement 6th ed.
260 ## - PUBLICATION, DISTRIBUTION, ETC. (IMPRINT)
Date of publication, distribution, etc. 2012
Name of publisher, distributor, etc. Oxford
300 ## - PHYSICAL DESCRIPTION
Extent 836
365 ## - TRADE PRICE
Currency code Rs.
Price amount 675.00
700 ## - ADDED ENTRY--PERSONAL NAME
Personal name Yariv A. & Yeh P.
9 (RLIN) 189969
906 ## - LOCAL DATA ELEMENT F, LDF (RLIN)
d O:0360903-Jan-2014B:362821-Oct-2013
c ME INS
b 337.5
Holdings
Withdrawn status Lost status Damaged status Not for loan Home library Current library Date acquired Vendor Budget Code Cost, normal purchase price Bill number Total Checkouts Full call number Barcode Date last seen Discount Cost, replacement price Bill Date Koha item type Original Barcode
        Cummins College of Engineering for Women Pune Cummins College of Engineering for Women Pune 05/12/2013 Om Book Stall ME INS 506.25 3628   621.36 CCEP-BK-45350 18/07/2023 337.5 675.00 21/10/2013 Books 045350